000 00302nam a22001337a 4500
008 190305b xxu||||| |||| 00| 0 eng d
020 _a2740321494550
041 _aeng
080 _210th
_a611
100 _a7
101 _aANA
245 _aHuman Anatomy & Physiology
_cMarieb,E.N
942 _2udc
_cBK
999 _c54569
_d54569